|
|
|
|
| LEADER |
02914nam a2200829 i 4500 |
| 001 |
nkc20172906119 |
| 003 |
CZ PrNK |
| 005 |
20170817101312.0 |
| 007 |
ta |
| 008 |
170703s2017 xr c e 000 0dcze |
| 015 |
|
|
|a cnb002906119
|
| 020 |
|
|
|a 978-80-906728-2-6
|q (brožováno)
|
| 035 |
|
|
|a (OCoLC)1003286596
|
| 040 |
|
|
|a OLA001
|b cze
|e rda
|
| 043 |
|
|
|a e-xr---
|
| 045 |
|
|
|a y1y1
|
| 072 |
|
7 |
|a 32
|x Politika
|2 Konspekt
|9 15
|
| 080 |
|
|
|a 070.42
|2 MRF
|
| 080 |
|
|
|a 78.071.1/.2
|2 MRF
|
| 080 |
|
|
|a 32
|2 MRF
|
| 080 |
|
|
|a 327(100)
|2 MRF
|
| 080 |
|
|
|a 070.46
|2 MRF
|
| 080 |
|
|
|a 321.7+342.34
|2 MRF
|
| 080 |
|
|
|a 33
|2 MRF
|
| 080 |
|
|
|a (437.3)
|2 MRF
|
| 080 |
|
|
|a (047.53)
|2 MRF
|
| 080 |
|
|
|a (046)
|2 MRF
|
| 080 |
|
|
|a (0.034.2)004.774.6
|2 MRF
|
| 080 |
|
|
|a (0.072)
|2 MRF
|
| 080 |
|
|
|a (081)
|2 MRF
|
| 100 |
1 |
|
|a Macháček, Jan,
|d 1965-
|7 xx0084885
|4 aut
|
| 245 |
1 |
0 |
|a Na tříkolce mezi tanky :
|b a 111 Macháčkových komentářů k Evropě, Česku i světovému dění /
|c Jan Macháček
|
| 246 |
3 |
|
|a Na tříkolce mezi tanky a 111 Macháčkových komentářů k Evropě, Česku i světovému dění
|
| 250 |
|
|
|a Vydání první
|
| 264 |
|
1 |
|a Praha :
|b Bourdon, a.s.,
|c 2017
|
| 300 |
|
|
|a 317 stran :
|b portréty (některé barevné) ;
|c 22 cm
|
| 336 |
|
|
|a text
|b txt
|2 rdacontent
|
| 337 |
|
|
|a bez média
|b n
|2 rdamedia
|
| 338 |
|
|
|a svazek
|b nc
|2 rdacarrier
|
| 600 |
1 |
7 |
|a Macháček, Jan,
|d 1965-
|7 xx0084885
|2 czenas
|
| 648 |
|
4 |
|a 2011-2017
|
| 648 |
|
7 |
|a 2011-2020
|7 ch460589
|2 czenas
|
| 648 |
|
7 |
|a 20.-21. století
|7 ch462155
|2 czenas
|
| 650 |
0 |
7 |
|a novináři
|7 ph123339
|z Česko
|y 20.-21. století
|2 czenas
|
| 650 |
0 |
7 |
|a hudebníci
|7 ph117204
|z Česko
|y 20.-21. století
|2 czenas
|
| 650 |
0 |
7 |
|a politika
|7 ph115795
|z Česko
|y 2011-2020
|2 czenas
|
| 650 |
0 |
7 |
|a světová politika
|7 ph126325
|y 2011-2020
|2 czenas
|
| 650 |
0 |
7 |
|a události
|7 ph126858
|y 2011-2020
|2 czenas
|
| 650 |
0 |
7 |
|a demokracie
|7 ph117182
|2 czenas
|
| 650 |
0 |
7 |
|a ekonomie
|7 ph114430
|2 czenas
|
| 650 |
0 |
9 |
|a journalists
|z Czechia
|y 20th-21st centuries
|2 eczenas
|
| 650 |
0 |
9 |
|a musicians
|z Czechia
|y 20th-21st centuries
|2 eczenas
|
| 650 |
0 |
9 |
|a politics
|z Czechia
|y 2011-2020
|2 eczenas
|
| 650 |
0 |
9 |
|a world politics
|y 2011-2020
|2 eczenas
|
| 650 |
0 |
9 |
|a events
|y 2011-2020
|2 eczenas
|
| 650 |
0 |
9 |
|a democracy
|2 eczenas
|
| 650 |
0 |
9 |
|a economics
|2 eczenas
|
| 655 |
|
7 |
|a rozhovory
|7 fd133303
|2 czenas
|
| 655 |
|
7 |
|a články
|7 fd133976
|2 czenas
|
| 655 |
|
7 |
|a blogy
|7 fd376279
|2 czenas
|
| 655 |
|
7 |
|a komentáře
|7 fd132578
|2 czenas
|
| 655 |
|
7 |
|a sborníky
|7 fd724345
|2 czenas
|
| 655 |
|
9 |
|a interviews
|2 eczenas
|
| 655 |
|
9 |
|a journal articles
|2 eczenas
|
| 655 |
|
9 |
|a blogs
|2 eczenas
|
| 655 |
|
9 |
|a commentaries
|2 eczenas
|
| 655 |
|
9 |
|a miscellanea
|2 eczenas
|
| 910 |
2 |
|
|a BOA001
|b 2-1389.585
|
| 990 |
|
|
|a BK
|
| 995 |
|
|
|a 01
|
| 991 |
|
|
|b 201707
|c NOV
|
| 996 |
6 |
|
|b 2610713388
|c 2-1389.585
|l MZK
|r Sklad / do 1 hodiny
|n 1
|p p.v.
|w 001619763
|u 000010
|a 1
|e BOA001
|j MZK50
|s P
|